• 首页
  • 本馆介绍
  • 公告通知
  • 最新文献
  • 馆藏检索
  • 电子资源
  • 读者导购
  • 参考咨询
  • 我的图书馆
  • 登录
  • 详细信息显示
  • 放入我的书架
  • 预约/预借图书
  • 作者相关作品
  • 分类相关作品
  • 丛书相关作品
  • 出版社相关作品

书目信息

  • 表格格式
  • 工作单格式
  • 卡片格式
题名:
事业单位公开招聘分类考试专用教材·综合应用能力.D类·中小学教师类
    
 
作者: ;事业单位公开招聘分类考试研究组 编
分册:  
出版信息: 北京   世界图书出版公司  2019.02
页数: 285页
开本: 20cm
丛书名:
单 册:
中图分类: D630.3
科图分类:
主题词: 政治--中国
电子资源:
ISBN: 7-5192-5519-0
000 00895nam0 2200205 450
001 2639464073
005 20260414110255.36
010    @a7-5192-5519-0@dCNY62.00
100    @a20260414d2019 km y0chiy0120 ea
101 0  @achi
102    @aCN@b110000
102    @aCN@b110000
200 1  @a事业单位公开招聘分类考试专用教材·综合应用能力.D类·中小学教师类@AShi Ye Dan Wei Gong Kai Zhao Pin Fen Lei Kao Shi Zhuan Yong Jiao Cai·Zong He Ying Yong Neng Li.D Lei·Zhong Xiao Xue Jiao Shi Lei@f事业单位公开招聘分类考试研究组编@FShi Ye Dan Wei Gong Kai Zhao Pin Fen Lei Kao Shi Yan Jiu Zu Bian
210    @a北京@c世界图书出版公司@d2019.02
215    @a285页@d20cm
606 0  @a政治@x中国
690    @aD630.3@v4
711 02 @a事业单位公开招聘分类考试研究组@AShi Ye Dan Wei Gong Kai Zhao Pin Fen Lei Kao Shi Yan Jiu Zu@4编
801  0 @aCN@b大连网信软件有限公司图书馆·11@c20260414
905    @aZUCC@dD630.3@e557
    
    事业单位公开招聘分类考试专用教材·综合应用能力.D类·中小学教师类/事业单位公开招聘分类考试研究组编.-北京:世界图书出版公司,2019.02
    285页;20cm
    
    
    ISBN 7-5192-5519-0:CNY62.00
    
●
相关链接 在E读中查询图书 在五车中查询图书 在当当中查询图书 在豆瓣中查询图书


正题名:事业单位公开招聘分类考试专用教材·综合应用能力.D类·中小学教师类     索取号:D630.3/557         预约/预借

序号 登录号 条形码 馆藏地/架位号 状态 备注
1 1442678   214426780   第一样本阅览室/ [索取号:D630.3/557] 在馆    
唐山师范学院图书馆 欢迎您!
大连网信软件有限公司© 版权所有